| 000 | 00565nam a2200181 i 4500 | ||
|---|---|---|---|
| 001 | 81704 | ||
| 003 | ES-MaACL | ||
| 005 | 20250820152141.0 | ||
| 007 | t| | ||
| 008 | 041105s1960 sp ||||1| spa d | ||
| 100 | 1 |
_aHuysmans, Joris-Karl, _d1848-1907 _964869 |
|
| 245 | 1 | 3 |
_aLa Catedral / _cJ.K. Huysmans ; versión española de J. García Mercadal. |
| 260 |
_a[Madrid] : _bEscelicer, _c1961. |
||
| 300 |
_a437 p. ; _c19 cm. |
||
| 700 | 1 |
_aGarcía Mercadal, J., _d1883-1975 _9164264 |
|
| 852 |
_aES-MaACL _jC-20715 _bR.49160 |
||
| 999 |
_c81704 _d81704 |
||